000 00470cam a2200145 4500500
005 20260322001433.0
041 _afre
042 _adc
100 1 0 _aFerrari, Jérôme
_eauthor
245 0 0 _aLa nuit du doute, par Jérôme Ferrari
260 _c2007.
500 _a39
786 0 _nPhilosophie magazine | 15 | 12 | 2007-12-01 | p. 47-48 | 1951-1787
856 4 1 _uhttps://shs.cairn.info/magazine-philosophie-magazine-2007-12-page-47?lang=fr&redirect-ssocas=7080
999 _c1714754
_d1714754